logo

Bir Sreshtho Munshi Abdur Rouf Library
Jhenaidah Cadet College

Physics for scientists and engineers / (Record no. 14297)

MARC details
000 -LEADER
fixed length control field 00591nam a2200229 a 4500
001 - CONTROL NUMBER
JCCL Control Number 14297
003 - CONTROL NUMBER IDENTIFIER
JCCL marc code BD-JhCC
005 - DATE AND TIME OF LATEST TRANSACTION
control field 20250302112735.0
008 - FIXED-LENGTH DATA ELEMENTS--GENERAL INFORMATION
fixed length control field 250302b19761990e a|||| ||a| 001 0 eng d
020 ## - INTERNATIONAL STANDARD BOOK NUMBER
International Standard Book Number 0879014334
035 ## - SYSTEM CONTROL NUMBER
system control number (BD-JhCC)14297
040 ## - CATALOGING SOURCE
Original cataloging agency BD-JhCC
Modifying agency BD-JhCC
041 ## - LANGUAGE CODE
Language code of Book english
082 ## - DEWEY DECIMAL CLASSIFICATION NUMBER
Classification number 530
Author mark and Year TIP 1990
100 ## - MAIN ENTRY--PERSONAL NAME
Personal name Tipler,Paul Allen
245 ## - TITLE STATEMENT
Title Physics for scientists and engineers /
Statement of responsibility, etc Paul Allen Tipler .
260 ## - PUBLICATION, DISTRIBUTION, ETC. (IMPRINT)
Place of publication, distribution, etc New York:
Name of publisher, distributor, etc Worth Publishers;
Date of publication, distribution, etc 1990.
300 ## - PHYSICAL DESCRIPTION
Pagination 655 p. :
Other physical details ill;
Dimensions 26 cm.
650 ## - SUBJECT ADDED ENTRY--TOPICAL TERM
Topical term or geographic name as entry element Physics
942 ## - ADDED ENTRY ELEMENTS (KOHA)
Source of classification or shelving scheme Dewey Decimal Classification
Koha item type Books
Holdings
Source of classification or shelving scheme Damaged status Not for loan Home library Current library Shelving location Date of accession Source of acquisition Total Checkouts Full call number Barcode Date last seen Copy number Method of acquisition Koha item type Currency
Dewey Decimal Classification     JCC Rouf Library JCC Rouf Library General Stacks   With the compliments of Shahriar Imtiaz Rahman,27/1483/K   530 TIP 1990 19866 03/02/2025 With the compliments of Shahriar Gift/Donation Books BDT

JCC Library | Contacts | JCC Home

Last Update on 23 September 2017
Copyright @ 2017-2020 JCC Rouf Library
Rouf Library, Jhenidah Cadet College (JCC), Bangladesh